[Event "Remote S7E Schnell-92 email"]
[Site "Remote email"]
[Date "2013.02.16"]
[Round "?"]
[White "Hofmeister, Joerg"]
[Black "Pieleck, Rudolf"]
[Result "1-0"]
[WhiteElo "2118"]
[BlackElo "1620"]
[PlyCount "71"]
[EventDate "2013.??.??"]
[EventType "tourn (corr)"]
[EventRounds "6"]
[EventCountry "GER"]
[SourceTitle "Corr 2015"]
[Source "ChessBase"]
[SourceDate "2015.07.17"]
[SourceVersion "1"]
[SourceVersionDate "2015.07.17"]
[SourceQuality "1"]

1. d4 d5 2. c4 e6 3. Nc3 Bb4 4. cxd5 exd5 5. Bf4 Ne7 6. e3 0-0 7. Bd3 Bf5 8. Nf3 Bxd3 9. Qxd3 c5 10. dxc5 Bxc5 11. 0-0 Nbc6 12. Rfd1 Nb4 13. Qd2 Bb6 14. a3 d4 15. Nxd4 Nbd5 16. Nxd5 Nxd5 17. Bg3 Bc7 18. Bxc7 Nxc7 19. Rac1 Ne6 20. Nxe6 fxe6 21. Qxd8 Raxd8 22. Kf1 Rxd1+ 23. Rxd1 h6 24. Rd7 Rf7 25. Rxf7 Kxf7 26. Ke2 Kf6 27. Kd3 Ke5 28. g3 b5 29. f4+ Kd5 30. g4 a5 31. f5 exf5 32. gxf5 Ke5 33. e4 a4 34. Ke3 h5 35. h4 Kd6 36. Kd4 1-0